000 00825nam a2200289Ia 4500
003 OSt
005 20230303142603.0
008 210210b2012 xxu||||| |||| 00| 0 eng d
020 _a9788183875301
040 _cAL
041 _aeng
082 _a250 DCRC
100 _aAntony J DCruz and others
_974004
245 _aChurch And The Kingdom of God: Towards a Contextual Ecclesiology for India
260 _aNew Delhi
_bSerials Publications
_c2012
300 _axxiv,403
650 _aMission of the church
_974005
650 _aChurch work
_974006
650 _2Kingdom of God
650 _aWitness bearing
_974007
650 _aKingdom of God--Biblical teaching
_974008
650 _aIndia
_974009
700 _aDCRUZ (Antony J )
_974011
700 _aPRAEM (O)
_974012
906 _a066841
942 _2ddc
_cBK
999 _c149288
_d149288